[Event "San Francisco TNM Summer op"]
[Site "San Francisco"]
[Date "2006.06.27"]
[Round "4"]
[White "Sanguinetti, George A"]
[Black "Ladyzhensky, Boris"]
[Result "1-0"]
[WhiteElo "1959"]
[BlackElo "1733"]
[PlyCount "93"]
[EventDate "2006.06.06"]
[EventType "swiss"]
[EventRounds "8"]
[EventCountry "USA"]
[SourceTitle "EXT 2007"]
[Source "ChessBase"]
[SourceDate "2006.11.23"]
[SourceVersion "1"]
[SourceVersionDate "2006.11.23"]
[SourceQuality "1"]

1. e4 c5 2. Nf3 d6 3. c3 Nc6 4. d4 cxd4 5. cxd4 Nf6 6. Nc3 Bg4 7. Be2 Nd7 8. Be3 e6 9. 0-0 Be7 10. a3 0-0 11. b4 Rc8 12. Rc1 a6 13. Qd2 Bf6 14. h3 Bh5 15. Ne1 Bxe2 16. Nxe2 Qe7 17. Nd3 Rfe8 18. f4 Qf8 19. e5 Be7 20. Rf3 f5 21. exd6 Bxd6 22. Ne5 Nf6 23. Qd3 Nd5 24. Bd2 a5 25. Nxc6 bxc6 26. bxa5 c5 27. Kh1 cxd4 28. Rxc8 Rxc8 29. Nxd4 Qf6 30. Nb5 Bb8 31. a6 g5 32. a7 Bxf4 33. Bxf4 gxf4 34. Qb3 Qa1+ 35. Kh2 Qe5 36. a4 Kf7 37. Qa3 Rg8 38. Qd3 Qg7 39. Qd2 Kf6 40. Rf2 Qg3+ 41. Kh1 Kg6 42. Nd4 e5 43. Nc6 Kh6 44. Nxe5 Ne3 45. Nd3 Nxg2 46. Rxg2 Qxh3+ 47. Rh2 1-0

[Event "San Francisco TNM Spring op"]
[Site "San Francisco"]
[Date "2006.04.18"]
[Round "4"]
[White "Traub, Igor Vladimirovich"]
[Black "Ladyzhensky, Boris"]
[Result "1-0"]
[WhiteElo "2076"]
[BlackElo "1733"]
[PlyCount "108"]
[EventDate "2006.03.28"]
[EventType "swiss"]
[EventRounds "8"]
[EventCountry "USA"]
[SourceTitle "EXT 2007"]
[Source "ChessBase"]
[SourceDate "2006.11.23"]
[SourceVersion "1"]
[SourceVersionDate "2006.11.23"]
[SourceQuality "1"]

1. e4 c5 2. d3 g6 3. f4 Bg7 4. Nf3 d6 5. Be2 Nc6 6. 0-0 Nf6 7. c3 0-0 8. Kh1 Qc7 9. a4 Bd7 10. Na3 a6 11. Be3 Rfb8 12. Ng5 h6 13. Nf3 d5 14. e5 Ng4 15. Bg1 h5 16. Bxc5 Ncxe5 17. Nxe5 Bxe5 18. fxe5 Qxc5 19. d4 Qc8 20. Qd2 Kg7 21. Bf3 Be6 22. Qg5 f6 23. exf6+ exf6 24. Qf4 Qd7 25. Bxg4 hxg4 26. Qxf6+ Kh7 27. Rfe1 Re8 28. Nc2 Bf5 29. Ne3 Re4 30. Qh4+ Kg7 31. Nf1 Rh8 32. Qg3 Qe7 33. Rxe4 dxe4 34. Ne3 Qd7 35. Qe5+ Kh7 36. Nd5 Qe6 37. Nf6+ Kh6 38. Nxg4+ Kh7 39. Nf6+ Kh6 40. Qxe6 Bxe6 41. Nxe4 Rf8 42. Kg1 Bd5 43. Ng3 Re8 44. a5 Re3 45. Kf2 Rd3 46. Nf1 Bc4 47. Re1 Bb5 48. Re4 Rd1 49. Ne3 Rd2+ 50. Kf3 Rxb2 51. c4 Ba4 52. h4 Rd2 53. g4 g5 54. h5 Bc2 1-0

[Event "San Francisco TNM Winter op"]
[Site "San Francisco"]
[Date "2006.01.31"]
[Round "4"]
[White "Ladyzhensky, Boris"]
[Black "Sanguinetti, George A"]
[Result "0-1"]
[WhiteElo "1744"]
[BlackElo "1954"]
[PlyCount "72"]
[EventDate "2006.01.10"]
[EventType "swiss"]
[EventRounds "7"]
[EventCountry "USA"]
[SourceTitle "EXT 2007"]
[Source "ChessBase"]
[SourceDate "2006.11.23"]
[SourceVersion "1"]
[SourceVersionDate "2006.11.23"]
[SourceQuality "1"]

1. e4 c5 2. Nf3 d6 3. d4 cxd4 4. Nxd4 Nf6 5. Nc3 g6 6. Be3 Bg7 7. f3 0-0 8. Qd2 Nc6 9. Bc4 h5 10. 0-0-0 Kh7 11. Nxc6 bxc6 12. e5 Ne8 13. g4 h4 14. Qf2 Bxe5 15. Qxh4+ Kg8 16. Rd3 Qc7 17. Bh6 d5 18. Nxd5 cxd5 19. Bxd5 Ba6 20. Rb3 Rc8 21. c3 Nf6 22. Be4 Nxe4 23. fxe4 Rfd8 24. Qf2 Rd6 25. h4 Rf6 26. Qd2 Rd8 27. Qg2 Bd3 28. Bd2 Qc5 29. h5 g5 30. Qh3 Rf2 31. Rd1 Be2 32. h6 Rh2 33. h7+ Kh8 34. Qxh2 Bxh2 35. Rh1 Bf4 36. Bxf4 gxf4 0-1

[Event "San Francisco MI Fall op"]
[Site "San Francisco"]
[Date "2005.12.06"]
[Round "6"]
[White "Grey, Peter G"]
[Black "Ladyzhensky, Boris"]
[Result "1/2-1/2"]
[WhiteElo "2021"]
[BlackElo "1721"]
[PlyCount "91"]
[EventDate "2005.11.08"]
[EventType "swiss"]
[EventRounds "8"]
[EventCountry "USA"]
[SourceTitle "EXT 2007"]
[Source "ChessBase"]
[SourceDate "2006.11.23"]
[SourceVersion "1"]
[SourceVersionDate "2006.11.23"]
[SourceQuality "1"]

1. d4 Nf6 2. c4 g6 3. Nf3 Bg7 4. g3 0-0 5. Bg2 d5 6. cxd5 Nxd5 7. 0-0 Nc6 8. e4 Nb6 9. d5 Ne5 10. Nxe5 Bxe5 11. Nc3 a5 12. f4 Bg7 13. Qe2 a4 14. a3 h5 15. h3 Bd7 16. Rd1 Qc8 17. Kh2 c6 18. Be3 c5 19. Rac1 Bxc3 20. Rxc3 Ra5 21. Qf2 Qd8 22. Bxc5 Nc8 23. Bb4 Ra6 24. Rdc1 Nd6 25. Bxd6 exd6 26. Qd4 g5 27. Bf1 Rb6 28. Rc7 Rb3 29. R7c2 gxf4 30. gxf4 Qh4 31. Rg2+ Bg4 32. Rc3 Kh7 33. Kg1 Rxc3 34. Qxc3 Qxh3 35. Qxh3 Bxh3 36. Rg3 Bxf1 37. Kxf1 Rc8 38. Rc3 Rxc3 39. bxc3 Kg7 40. Kf2 f5 41. e5 dxe5 42. fxe5 b5 43. Kg3 Kf7 44. Kf4 h4 45. Kf3 Ke7 46. Kf4 1/2-1/2

[Event "San Francisco David Gee Memorial"]
[Site "San Francisco"]
[Date "2005.10.04"]
[Round "7"]
[White "Samatra, Mario"]
[Black "Ladyzhensky, Boris"]
[Result "0-1"]
[WhiteElo "1900"]
[BlackElo "1723"]
[PlyCount "122"]
[EventDate "2005.08.??"]
[EventType "swiss"]
[EventRounds "8"]
[EventCountry "USA"]
[SourceTitle "EXT 2007"]
[Source "ChessBase"]
[SourceDate "2006.11.23"]
[SourceVersion "1"]
[SourceVersionDate "2006.11.23"]
[SourceQuality "1"]

1. d4 Nf6 2. c4 g6 3. Nc3 d5 4. cxd5 Nxd5 5. e4 Nxc3 6. bxc3 Bg7 7. Bc4 0-0 8. Ne2 c5 9. Be3 cxd4 10. cxd4 Nc6 11. 0-0 Bg4 12. f3 Bd7 13. Rc1 a6 14. Qd2 Na5 15. Bd3 b5 16. Rc5 Qb6 17. Rfc1 Rac8 18. d5 Bh6 19. f4 Rxc5 20. Bxc5 Qd8 21. Bxe7 Qxe7 22. Qxa5 Bg4 23. Rc7 Qf6 24. e5 Qd8 25. d6 Bxe2 26. Bxe2 Bxf4 27. Qc3 Qg5 28. Re7 Bd2 29. Qf3 Bf4 30. Qd5 Be3+ 31. Kh1 Qf5 32. Bf3 Rc8 33. Rc7 Rf8 34. g4 Qb1+ 35. Bd1 Qb2 36. Rc2 Qb4 37. Re2 Qf4 38. Qg2 Re8 39. d7 Rd8 40. Rxe3 Qxe3 41. Qd5 Qg5 42. Qd6 Qf4 43. Kg2 Qe4+ 44. Bf3 Qc2+ 45. Kg3 Qc4 46. Bd5 Qd3+ 47. Kh4 g5+ 48. Kxg5 Qg6+ 49. Qxg6+ hxg6 50. e6 fxe6 51. Bxe6+ Kg7 52. h4 b4 53. h5 gxh5 54. gxh5 a5 55. h6+ Kh8 56. Kf6 a4 57. Ke7 b3 58. axb3 Rxd7+ 59. Bxd7 a3 60. b4 a2 61. b5 a1Q 0-1

[Event "San Francisco Summer TNM"]
[Site "San Francisco"]
[Date "2005.07.12"]
[Round "5"]
[White "Hilliard, Michael"]
[Black "Ladyzhensky, Boris"]
[Result "0-1"]
[WhiteElo "1400"]
[BlackElo "1700"]
[PlyCount "52"]
[EventDate "2005.06.14"]
[EventType "swiss"]
[EventRounds "8"]
[EventCountry "USA"]
[SourceTitle "EXT 2007"]
[Source "ChessBase"]
[SourceDate "2006.11.23"]
[SourceVersion "1"]
[SourceVersionDate "2006.11.23"]
[SourceQuality "1"]

1. d4 f5 2. Nc3 Nf6 3. Bg5 Ne4 4. Nf3 Nxg5 5. Nxg5 e5 6. h4 e4 7. e3 d5 8. g3 Bb4 9. Nh3 Be6 10. Nf4 Bf7 11. h5 Nd7 12. Bh3 Qf6 13. Qe2 0-0-0 14. 0-0 Bxc3 15. bxc3 Nb6 16. Qb5 g5 17. hxg6 hxg6 18. Bg2 g5 19. Ne2 Qh6 20. f3 Qh2+ 21. Kf2 exf3 22. Kxf3 Bh5+ 23. Kf2 Bxe2 24. Rh1 Bxb5 25. Rxh2 Rxh2 26. Rb1 Bc4 0-1